000 00438nam a2200181Ia 4500
005 20240823041913.0
008 240823s9999||||xx |||||||||||||| ||und||
041 _aENGLISH
082 _A624.1042 P6
100 _aArulmanickam A P
245 0 _aEstimating and Costing
250 _a1st
260 _c2006
_b"Pratheeba,Coimbatore"
500 _aTRANSFERED
650 _aCosting
_bManagement Studies
942 _cBK
999 _c206611
_d206611